书目信息 |
| 题名: |
病理学
|
|
| 作者: | 《病理学》编写修订组编 | |
| 分册: | ||
| 出版信息: | 北京 战士出版社 1981 |
|
| 页数: | 251页 | |
| 开本: | 19cm | |
| 丛书名: | ||
| 单 册: | ||
| 中图分类: | R36 | |
| 科图分类: | ||
| 主题词: | 病理学 | |
| 电子资源: | ||
| ISBN: | ||
| 000 | 00524nam0 2200217 45 | |
| 001 | 0181001088 | |
| 005 | 20061121091611.98 | |
| 010 | @dCNY0.76 | |
| 091 | @aCN@b14185.10 | |
| 100 | @a19950112d1981 em y0chiy0121 ea | |
| 101 | 0 | @achi |
| 102 | @aCN@b110000 | |
| 105 | @ay z 000yy | |
| 200 | 10 | @a病理学@Abing li xue@f《病理学》编写修订组编 |
| 210 | @a北京@c战士出版社@d1981 | |
| 215 | @a251页@d19cm | |
| 606 | @a病理学 | |
| 690 | @aR36@v3 | |
| 801 | 2 | @aCN@bNLC@c20061121 |
| 801 | 0 | @aCN@bTSSF |
| 905 | @a10447@dR36@e3 | |
| 病理学/《病理学》编写修订组编.-北京:战士出版社,1981 |
| 251页;19cm |
| ISBN :CNY0.76 |
| ● |
| 相关链接 |
|
|
|
|
正题名:病理学
索取号:R36/3
 
预约/预借
| 序号 | 登录号 | 条形码 | 馆藏地/架位号 | 状态 | 备注 |
| 1 | 0048937 | 000710430 | 密集书库/ [索取号:R36/3] | 在馆 | |
| 2 | 0048938 | 000708238 | 第二样本阅览室/ [索取号:R36/3] | 在馆 |